[Event "28th European Club Cup Eilat"]
[Site "?"]
[Date "2012.10.11"]
[Round "1"]
[White "Van Wely, Loek"]
[Black "Dominguez Perez, Leinier"]
[Result "1/2-1/2"]
[WhiteElo "2688"]
[BlackElo "2734"]
[PlyCount "113"]
[EventDate "2012.??.??"]
[WhiteTeam "Gros Xake Taleda"]
[BlackTeam "St. Petersburg"]

1. Nf3 c5 2. c4 Nc6 3. d4 cxd4 4. Nxd4 Nf6 5. Nc3 e6 6. a3 Be7 7. e4 O-O 8. Nf3
Qc7 9. Be2 b6 10. O-O Bb7 11. Bg5 Ne5 12. Nxe5 Qxe5 13. Bh4 Bxe4 14. Bxf6 Bxf6
15. Nxe4 Qxe4 16. Bf3 Qxc4 17. Rc1 Qd4 18. Bxa8 Rxa8 19. Rc7 a5 20. Rxd7 Qxb2
21. Qd6 h6 22. Rd1 b5 23. g3 b4 24. Qc6 Rb8 25. axb4 axb4 26. Rxf7 Qe2 27. Rdd7
b3 28. Rb7 Rxb7 29. Rxb7 Bd4 30. Qe8+ Kh7 31. Qf7 b2 32. Qf4 Qc2 33. Kg2 Qc6+
34. Qf3 Qc2 35. Qf4 Bc5 36. Qe5 Qxf2+ 37. Kh3 Qf1+ 38. Kh4 Qf8 39. Rxb2 Be7+
40. Kg4 Qf7 41. h4 Qg6+ 42. Kh3 Bf6 43. h5 Bxe5 44. hxg6+ Kxg6 45. Rb5 Kf6 46.
g4 Bf4 47. Kg2 e5 48. Kf3 Kg5 49. Rb7 g6 50. Rb6 h5 51. gxh5 Kxh5 52. Rb8 Kg5
53. Rg8 Bc1 54. Ke4 Bf4 55. Kf3 Bc1 56. Ke4 Bf4 57. Kf3 1/2-1/2

[Event "28th European Club Cup Eilat"]
[Site "?"]
[Date "2012.10.11"]
[Round "1"]
[White "Vitiugov, Nikita"]
[Black "Bauer, Christian"]
[Result "1-0"]
[WhiteElo "2691"]
[BlackElo "2664"]
[PlyCount "73"]
[EventDate "2012.??.??"]
[WhiteTeam "St. Petersburg"]
[BlackTeam "Gros Xake Taleda"]

1. d4 Nf6 2. c4 Nc6 3. Nf3 e6 4. Nc3 Bb4 5. Bd2 O-O 6. a3 Bxc3 7. Bxc3 Ne4 8.
Qc2 Nxc3 9. Qxc3 d6 10. e3 Qe7 11. Rc1 Bd7 12. b4 e5 13. d5 Nd8 14. c5 f6 15.
Be2 Nf7 16. O-O Rfd8 17. Nd2 f5 18. Nb3 f4 19. Na5 Ng5 20. exf4 exf4 21. Rfe1
Rf8 22. Bh5 Qf6 23. Qxf6 Rxf6 24. Re7 Bf5 25. Nxb7 Rh6 26. h4 Rxh5 27. hxg5
Rxg5 28. f3 Kf8 29. Rxc7 Re8 30. cxd6 Re2 31. g4 Bxg4 32. Kf1 Re3 33. fxg4 Rf3+
34. Ke2 Re3+ 35. Kf2 Rxd5 36. d7 Rd2+ 37. Kf1 1-0

[Event "Grand Slam Masters Final 2012"]
[Site "Sao Paulo/Bilbao BRA/ESP"]
[Date "2012.10.12"]
[Round "9"]
[White "Karjakin, Sergey"]
[Black "Vallejo Pons, Francisco"]
[Result "1-0"]
[WhiteElo "2778"]
[BlackElo "2697"]
[PlyCount "75"]
[EventDate "2012.09.24"]

1. e4 e6 2. d4 d5 3. Nc3 Bb4 4. e5 c5 5. a3 Bxc3+ 6. bxc3 Ne7 7. Qg4 O-O 8. Bd3
Nbc6 9. Qh5 Ng6 10. Nf3 Qc7 11. Be3 c4 12. Bxg6 fxg6 13. Qg4 Qf7 14. Ng5 Qe8
15. h4 Ne7 16. a4 a5 17. Qe2 Bd7 18. g4 Ra6 19. Bc1 Bxa4 20. Ba3 h6 21. Nh3 b5
22. Bc5 Rc6 23. Bd6 Rf7 24. h5 gxh5 25. g5 Nf5 26. gxh6 Nxh6 27. Kd2 Rf5 28.
Rhg1 Rb6 29. f3 b4 30. Qe3 Nf7 31. Bc5 Rb7 32. Rg2 Qb5 33. Rag1 bxc3+ 34. Ke2
Nxe5 35. Qh6 Rff7 36. Qxe6 Ng4 37. Ng5 Qb2 38. Qc8+ 1-0

[Event "Grand Slam Masters Final 2012"]
[Site "Sao Paulo/Bilbao BRA/ESP"]
[Date "2012.10.13"]
[Round "10"]
[White "Anand, V."]
[Black "Karjakin, Sergey"]
[Result "1/2-1/2"]
[WhiteElo "2780"]
[BlackElo "2778"]
[PlyCount "90"]
[EventDate "2012.09.24"]

1. d4 d5 2. c4 c6 3. Nf3 Nf6 4. Nc3 dxc4 5. a4 e6 6. e4 Bb4 7. e5 Nd5 8. Bd2 b5
9. axb5 Bxc3 10. bxc3 cxb5 11. Ng5 Nc6 12. Qh5 Qe7 13. Be2 b4 14. O-O bxc3 15.
Be3 Bb7 16. Bg4 Ncb4 17. Nxe6 g6 18. Ng7+ Kf8 19. Qh6 Kg8 20. Bg5 Qf8 21. Bf6
Nxf6 22. exf6 Nd5 23. Bf3 Nxf6 24. Bxb7 Rd8 25. Ra6 Qxg7 26. Qg5 Rd7 27. Bf3
Ne8 28. Bc6 Rd6 29. Qe7 Qf8 30. Qxa7 Nf6 31. Qc5 Nd7 32. Qxc4 Nb8 33. Rb6 Nxc6
34. Rxc6 Rxc6 35. Qxc6 Qb4 36. Qe8+ Kg7 37. Qe5+ f6 38. Qc7+ Kh6 39. d5 Qd4 40.
d6 Qd2 41. d7 c2 42. h4 Qd1 43. Qf4+ Kg7 44. Qc7 Kh6 45. Qf4+ Kg7 1/2-1/2

[Event "Grand Slam Masters Final 2012"]
[Site "Sao Paulo/Bilbao BRA/ESP"]
[Date "2012.10.13"]
[Round "10"]
[White "Aronian, L."]
[Black "Carlsen, M."]
[Result "1/2-1/2"]
[WhiteElo "2816"]
[BlackElo "2843"]
[PlyCount "88"]
[EventDate "2012.09.24"]

1. d4 Nf6 2. c4 e6 3. Nf3 b6 4. g3 Bb7 5. Bg2 Be7 6. O-O O-O 7. Nc3 Ne4 8. Bd2
Bf6 9. Ne5 Nxc3 10. Bxc3 Bxg2 11. Kxg2 d5 12. Ng4 Nd7 13. Qa4 Be7 14. Rfd1 Nf6
15. Ne5 Qe8 16. Nc6 Kh8 17. f3 a6 18. Be1 Bd6 19. Rac1 b5 20. cxb5 axb5 21.
Qxb5 Rxa2 22. Ba5 Qa8 23. Rd3 Nd7 24. Rdc3 Nb8 25. b4 Nxc6 26. Rxc6 Rb2 27.
R6c2 Rxc2 28. Rxc2 Qa7 29. e3 h6 30. Qc6 Kg8 31. Kf2 Qa8 32. Kg2 Qxc6 33. Rxc6
Rb8 34. Bxc7 Bxc7 35. Rxc7 Rxb4 36. g4 Rb2+ 37. Kg3 g5 38. Rc3 Re2 39. h4 Kg7
40. Ra3 Kg6 41. h5+ Kf6 42. Rb3 Kg7 43. Ra3 Kf6 44. Rb3 Kg7 1/2-1/2

[Event "Grand Slam Masters Final 2012"]
[Site "Sao Paulo/Bilbao BRA/ESP"]
[Date "2012.10.13"]
[Round "10"]
[White "Vallejo Pons, F."]
[Black "Caruana, F."]
[Result "1/2-1/2"]
[WhiteElo "2697"]
[BlackElo "2773"]
[PlyCount "37"]
[EventDate "2012.09.24"]

1. e4 e5 2. Nf3 Nc6 3. Bb5 a6 4. Ba4 Nf6 5. O-O Be7 6. Re1 b5 7. Bb3 d6 8. c3
O-O 9. h3 Re8 10. Ng5 Rf8 11. Nf3 Re8 12. Ng5 Rf8 13. d4 Bb7 14. Nf3 Re8 15.
Ng5 Rf8 16. Nf3 Re8 17. Ng5 Rf8 18. Nf3 Re8 19. Ng5 1/2-1/2

[Event "28th European Club Cup Eilat"]
[Site "?"]
[Date "2012.10.12"]
[Round "2"]
[White "Bacrot, Etienne"]
[Black "Leko, Peter"]
[Result "1/2-1/2"]
[WhiteElo "2705"]
[BlackElo "2734"]
[PlyCount "65"]
[EventDate "2012.??.??"]
[WhiteTeam "Baden-Baden"]
[BlackTeam "SHSM-64"]

1. Nf3 Nf6 2. c4 c5 3. g3 Nc6 4. Bg2 d5 5. cxd5 Nxd5 6. O-O e5 7. Nc3 Be6 8. d3
Be7 9. Bd2 O-O 10. a3 Qd7 11. Rb1 f6 12. Nxd5 Bxd5 13. Qa4 Rfd8 14. Rfc1 Bxf3
15. Bxf3 Nd4 16. Qxd7 Nxf3+ 17. Kg2 Nh4+ 18. gxh4 Rxd7 19. b4 b6 20. bxc5 Bxc5
21. Bb4 Bxb4 22. Rxb4 h5 23. f4 exf4 24. Rxf4 Re8 25. Kf3 Re5 26. Rc3 Kf7 27.
a4 Rde7 28. Rc2 Re3+ 29. Kf2 Rh3 30. Kg2 Rhe3 31. Kf2 Rh3 32. Kg2 Rhe3 33. Kf2
1/2-1/2

[Event "28th European Club Cup Eilat"]
[Site "?"]
[Date "2012.10.12"]
[Round "2"]
[White "Giri, Anish"]
[Black "Naiditsch, Arkadij"]
[Result "0-1"]
[WhiteElo "2730"]
[BlackElo "2704"]
[PlyCount "72"]
[EventDate "2012.??.??"]
[WhiteTeam "SHSM-64"]
[BlackTeam "Baden-Baden"]

1. d4 Nf6 2. c4 e6 3. Nf3 d5 4. g3 dxc4 5. Bg2 a6 6. O-O Nc6 7. e3 Bd7 8. Qe2
Bd6 9. Qxc4 O-O 10. Rd1 Rb8 11. Nc3 e5 12. d5 Ne7 13. e4 b5 14. Qe2 h6 15. b3
b4 16. Nb1 Bb5 17. Qe1 c6 18. dxc6 Qc7 19. Bb2 Nxc6 20. Nbd2 Bc5 21. h3 Rfd8
22. Rac1 Qe7 23. Bf1 Nd4 24. Nh4 g6 25. Bxb5 Rxb5 26. Ndf3 Bb6 27. Rc4 g5 28.
Nxd4 exd4 29. Nf5 Qxe4 30. Bxd4 Qxf5 31. Bxb6 Re8 32. Rd8 Rxd8 33. Bxd8 Re5 34.
Qd1 Rd5 35. Rd4 Ne4 36. f3 Qe5 0-1

[Event "28th European Club Cup Eilat"]
[Site "?"]
[Date "2012.10.12"]
[Round "2"]
[White "Kasimdzhanov, Rustam"]
[Black "Riazantsev, Alexander"]
[Result "1/2-1/2"]
[WhiteElo "2690"]
[BlackElo "2712"]
[PlyCount "81"]
[EventDate "2012.??.??"]
[WhiteTeam "Baden-Baden"]
[BlackTeam "SHSM-64"]

1. c4 e6 2. g3 d5 3. Bg2 dxc4 4. Qa4+ c6 5. Qxc4 b5 6. Qc2 Bb7 7. a4 a6 8. Nh3
Nd7 9. O-O Rc8 10. d4 Ngf6 11. e4 Be7 12. Rd1 O-O 13. Qe2 Re8 14. Nf4 c5 15.
axb5 axb5 16. e5 Nd5 17. Nxd5 Bxd5 18. Bxd5 exd5 19. e6 fxe6 20. Qxe6+ Kh8 21.
Ra7 Nb8 22. Qg4 cxd4 23. Bf4 Bf6 24. Rb7 Na6 25. b4 Nxb4 26. Na3 Nc6 27. Nxb5
Ne5 28. Qf5 Rb8 29. Rxb8 Qxb8 30. Nxd4 Qa8 31. Rb1 Nc6 32. Nb5 Nd4 33. Nxd4
Bxd4 34. Rd1 Qa2 35. Rd2 Qc4 36. Kg2 h6 37. Qg6 Rf8 38. Rc2 Qb3 39. Re2 Bf6 40.
Re8 Rxe8 41. Qxe8+ 1/2-1/2

[Event "28th European Club Cup Eilat"]
[Site "?"]
[Date "2012.10.12"]
[Round "2"]
[White "Wojtaszek, Radoslaw"]
[Black "Andreikin, Dmitry"]
[Result "1/2-1/2"]
[WhiteElo "2733"]
[BlackElo "2718"]
[PlyCount "102"]
[EventDate "2012.??.??"]
[WhiteTeam " G-Team Novy Bor"]
[BlackTeam "Economist Saratov"]

1. d4 e6 2. c4 Nf6 3. Nc3 Bb4 4. Qc2 c5 5. dxc5 O-O 6. a3 Bxc5 7. Nf3 b6 8. Bf4
Bb7 9. Rd1 Nh5 10. Bc1 Nf6 11. b4 Be7 12. e4 Nc6 13. Be2 Qc7 14. O-O Rac8 15.
Bg5 Rfd8 16. Bh4 Qb8 17. Rd2 d6 18. Rfd1 h6 19. h3 a5 20. Qb3 axb4 21. axb4 Ne5
22. Nxe5 dxe5 23. Rxd8+ Rxd8 24. f3 Rxd1+ 25. Bxd1 Qd6 26. Bf2 Qxb4 27. Na4 Nd7
28. Nxb6 Nxb6 29. Qxb4 Bxb4 30. Bxb6 Ba6 31. Bb3 Kf8 32. Kf2 Ke7 33. Ke3 Kd6
34. Kd3 Bc5 35. Ba5 Bd4 36. Bb4+ Bc5 37. Bc3 Bd4 38. Bb4+ Bc5 39. Bd2 Ba3 40.
Be3 Bc5 41. Bc1 Bb4 42. h4 h5 43. Ba4 Bc5 44. g4 hxg4 45. fxg4 f5 46. gxf5 exf5
47. exf5 Bc8 48. Ke4 Bb7+ 49. Kd3 Bc8 50. Ke4 Bb7+ 51. Kd3 Bc8 1/2-1/2

[Event "28th European Club Cup Eilat"]
[Site "?"]
[Date "2012.10.12"]
[Round "2"]
[White "Nepomniachtchi, Ian"]
[Black "Navara, David"]
[Result "1/2-1/2"]
[WhiteElo "2704"]
[BlackElo "2722"]
[PlyCount "102"]
[EventDate "2012.??.??"]
[WhiteTeam "Economist Saratov"]
[BlackTeam " G-Team Novy Bor"]

1. e4 c5 2. Nf3 e6 3. Qe2 Nc6 4. g3 d6 5. Bg2 g6 6. O-O Bg7 7. c3 e5 8. Na3
Nge7 9. Nc2 O-O 10. Rd1 Qb6 11. b3 Be6 12. Bb2 c4 13. Ng5 cxb3 14. Ne3 bxa2 15.
Nxe6 fxe6 16. Ba3 Qb3 17. Bxd6 Rfd8 18. Bxe7 Nxe7 19. Qc4 Qxc4 20. Nxc4 b5 21.
Ne3 a5 22. Rxa2 b4 23. Rda1 b3 24. Rxa5 Rxa5 25. Rxa5 b2 26. Rb5 Rxd2 27. Bf1
Nc6 28. Nc4 Rc2 29. Rxb2 Rxc3 30. Bh3 Nd4 31. Rb8+ Kf7 32. Rb7+ Kf8 33. Bf1
Nf3+ 34. Kg2 Ne1+ 35. Kh3 h5 36. Rb1 Nf3 37. Kg2 Ng5 38. Rb8+ Ke7 39. Rb7+ Kf8
40. Nd6 h4 41. h3 Kg8 42. Be2 hxg3 43. h4 Bf8 44. Rb8 Nf7 45. Nxf7 Kxf7 46.
fxg3 Rc2 47. Kf3 Bc5 48. Rb7+ Kf6 49. Bb5 Rf2+ 50. Kg4 Rb2 51. Bc6 Rxb7 1/2-1/2

[Event "28th European Club Cup Eilat"]
[Site "?"]
[Date "2012.10.12"]
[Round "2"]
[White "Morozevich, Alexander"]
[Black "Sasikiran, Krishnan"]
[Result "1/2-1/2"]
[WhiteElo "2758"]
[BlackElo "2680"]
[PlyCount "94"]
[EventDate "2012.??.??"]
[WhiteTeam "Economist Saratov"]
[BlackTeam " G-Team Novy Bor"]

1. Nf3 Nf6 2. c4 e6 3. d4 b6 4. g3 Ba6 5. Qb3 Nc6 6. Nbd2 Bb7 7. e4 d5 8. cxd5
exd5 9. e5 Ne4 10. Bd3 Be7 11. O-O O-O 12. Re1 f5 13. exf6 Nxf6 14. a3 Bd6 15.
Qc2 Re8 16. Rxe8+ Qxe8 17. b4 Qh5 18. Bb2 Rf8 19. Re1 Ng4 20. h4 Nd8 21. Re2
Nf7 22. Nf1 Nf6 23. Ne5 Ne4 24. Nd2 Nxd2 25. Qxd2 Bxe5 26. dxe5 d4 27. f4 Qf3
28. Rg2 Nh6 29. Bc4+ Kh8 30. Qe2 Qxg2+ 31. Qxg2 Bxg2 32. Kxg2 c5 33. Kf3 Nf5
34. h5 g6 35. g4 Ne3 36. Be6 gxh5 37. gxh5 Re8 38. f5 Kg7 39. Bc1 Kf8 40. bxc5
bxc5 41. Bxe3 dxe3 42. Kxe3 Rxe6 43. fxe6 Ke7 44. Kd3 Kxe6 45. Kc4 Kxe5 46.
Kxc5 Kf5 47. Kb5 Kg5 1/2-1/2

[Event "28th European Club Cup Eilat"]
[Site "?"]
[Date "2012.10.12"]
[Round "2"]
[White "Bartel, Mateusz"]
[Black "Tomashevsky, Evgeny"]
[Result "0-1"]
[WhiteElo "2635"]
[BlackElo "2720"]
[PlyCount "84"]
[EventDate "2012.??.??"]
[WhiteTeam " G-Team Novy Bor"]
[BlackTeam "Economist Saratov"]

1. e4 e5 2. Nf3 Nc6 3. Bb5 a6 4. Ba4 Nf6 5. O-O Be7 6. Bxc6 dxc6 7. d3 Nd7 8.
Nbd2 O-O 9. Nc4 f6 10. Nh4 Nc5 11. Nf5 Kh8 12. f4 Bxf5 13. exf5 Qd5 14. fxe5
fxe5 15. Qg4 e4 16. b4 Bf6 17. Ne3 Qd4 18. Rb1 Na4 19. Rb3 Rae8 20. Bd2 Nb6 21.
Kh1 Nd5 22. Qg3 exd3 23. Rxd3 Nxe3 24. Bxe3 Qxb4 25. Qxc7 Qc4 26. Bg1 Qxc2 27.
Rh3 Qxa2 28. Qxb7 Qc4 29. Rd1 Re2 30. Rg3 Rfe8 31. h3 Qb5 32. Qd7 c5 33. Qa7
Re1 34. Rxe1 Rxe1 35. Re3 Rxe3 36. Bxe3 h6 37. Qxc5 Qxc5 38. Bxc5 a5 39. g4 Kg8
40. Kg2 a4 41. Kf3 Kf7 42. Ba3 Be7 0-1

[Event "28th European Club Cup Eilat"]
[Site "?"]
[Date "2012.10.12"]
[Round "2"]
[White "Moiseenko, Alexander"]
[Black "Hracek, Zbynek"]
[Result "1/2-1/2"]
[WhiteElo "2700"]
[BlackElo "2612"]
[PlyCount "85"]
[EventDate "2012.??.??"]
[WhiteTeam "Economist Saratov"]
[BlackTeam " G-Team Novy Bor"]

1. d4 Nf6 2. c4 e6 3. Nf3 b6 4. g3 Ba6 5. Qc2 Bb4+ 6. Bd2 Be7 7. e4 d5 8. cxd5
Bxf1 9. Kxf1 exd5 10. e5 Ne4 11. Kg2 Qd7 12. Nc3 Nxc3 13. Qxc3 O-O 14. Bg5 c5
15. Rac1 Na6 16. a3 cxd4 17. Qxd4 Nc5 18. Bxe7 Qxe7 19. Qxd5 Rad8 20. Qc4 Nd3
21. Rc3 Nxe5 22. Qe4 f6 23. Re1 Qf7 24. Nxe5 fxe5 25. Re2 Rfe8 26. Rce3 Qd5 27.
f4 Qxe4+ 28. Rxe4 Kf7 29. fxe5 Ke6 30. Rh4 h6 31. Rg4 Re7 32. Rg6+ Kf7 33. Rc6
Rde8 34. Kf3 Rxe5 35. Rxe5 Rxe5 36. b4 Re6 37. Rc8 a6 38. a4 Re1 39. Rc7+ Kg8
40. Rb7 Ra1 41. Rxb6 Rxa4 42. Ke3 a5 43. bxa5 1/2-1/2

[Event "28th European Club Cup Eilat"]
[Site "?"]
[Date "2012.10.12"]
[Round "2"]
[White "Eljanov, Pavel"]
[Black "Malakhov, Vladimir"]
[Result "1-0"]
[WhiteElo "2681"]
[BlackElo "2713"]
[PlyCount "85"]
[EventDate "2012.??.??"]
[WhiteTeam "Ashdod"]
[BlackTeam "Ugra"]

1. d4 d5 2. c4 c6 3. Nf3 Nf6 4. Nc3 a6 5. a4 e6 6. Bg5 a5 7. e3 Be7 8. Be2 Na6
9. O-O O-O 10. Qb3 Nb4 11. Na2 Nxa2 12. Qxa2 Nh5 13. Bxe7 Qxe7 14. Qb3 Nf6 15.
Ne5 Nd7 16. f4 f6 17. Nf3 Rd8 18. Bd3 Nf8 19. e4 dxe4 20. Bxe4 Bd7 21. Rae1 Qb4
22. Qxb4 axb4 23. b3 Be8 24. g4 Bg6 25. Bxg6 Nxg6 26. f5 exf5 27. gxf5 Nf8 28.
Re7 Rd7 29. Rfe1 Rad8 30. h4 h5 31. Kf2 g6 32. c5 gxf5 33. Rg1+ Kh8 34. Rgg7
Rxe7 35. Rxe7 Rd7 36. Rxd7 Nxd7 37. Ne1 Nf8 38. Nd3 Kg7 39. Nf4 Kf7 40. Nxh5
Ng6 41. Kg3 Ne5 42. dxe5 fxe5 43. Kf3 1-0

[Event "28th European Club Cup Eilat"]
[Site "?"]
[Date "2012.10.12"]
[Round "2"]
[White "Korobov, Anton"]
[Black "Smirin, Ilia"]
[Result "1-0"]
[WhiteElo "2705"]
[BlackElo "2638"]
[PlyCount "79"]
[EventDate "2012.??.??"]
[WhiteTeam "Ugra"]
[BlackTeam "Ashdod"]

1. d4 Nf6 2. c4 g6 3. Nc3 Bg7 4. e4 d6 5. Nf3 O-O 6. h3 e5 7. d5 a5 8. Bg5 Na6
9. g4 Qe8 10. Be2 Kh8 11. Be3 Ng8 12. g5 f5 13. h4 Ne7 14. h5 Kg8 15. h6 Bh8
16. Nh4 b6 17. f3 Nc5 18. Qd2 Bd7 19. O-O-O a4 20. Ng2 Qf7 21. Ne1 Ra5 22. Nd3
Rfa8 23. Qc2 Qe8 24. Nxc5 bxc5 25. Nb5 Qd8 26. Bd2 R5a6 27. Bc3 f4 28. Bf1 Nc8
29. Bh3 Bxb5 30. cxb5 Rb6 31. Be6+ Kf8 32. Rh4 Ke7 33. Rxf4 exf4 34. Bg7 Na7
35. Qc3 Qf8 36. Bxf8+ Rxf8 37. Qa5 Bxb2+ 38. Kc2 Ra8 39. Qxa4 Be5 40. Rb1 1-0

[Event "28th European Club Cup Eilat"]
[Site "?"]
[Date "2012.10.12"]
[Round "2"]
[White "Arnaudov, G. Petar"]
[Black "Radjabov, Teimour"]
[Result "1/2-1/2"]
[WhiteElo "2471"]
[BlackElo "2792"]
[PlyCount "91"]
[EventDate "2012.??.??"]
[WhiteTeam "Gambit Aseko-See"]
[BlackTeam "SOCAR Azerbaijan"]

1. Nf3 g6 2. c4 Bg7 3. d4 c5 4. e4 cxd4 5. Nxd4 Nc6 6. Be3 Nf6 7. Nc3 Ng4 8.
Qxg4 Nxd4 9. Qd1 Ne6 10. Rc1 b6 11. Qd2 Bb7 12. Nd5 O-O 13. Be2 Nc5 14. f3 e6
15. Nc3 a5 16. O-O Bc6 17. b3 Rc8 18. Bd1 f5 19. exf5 Rxf5 20. Ne2 d5 21. Bc2
Rf7 22. cxd5 Rd7 23. Nf4 Bxd5 24. Nxd5 Rxd5 25. Qe2 Bd4 26. Bxd4 Rxd4 27. a3
Qf6 28. Qe1 Qf4 29. g3 Qd6 30. b4 axb4 31. axb4 Nd3 32. Bxd3 Rxc1 33. Qxc1 Rxd3
34. Qc8+ Kg7 35. Rf2 Qxb4 36. Qxe6 Qc5 37. Kg2 Re3 38. Qa2 b5 39. Rc2 Rc3 40.
Rxc3 Qxc3 41. Qa7+ Kh6 42. Qe7 Qc2+ 43. Kh3 Qf5+ 44. Kg2 Qc2+ 45. Kh3 Qf5+ 46.
Kg2 1/2-1/2

[Event "28th European Club Cup Eilat"]
[Site "?"]
[Date "2012.10.12"]
[Round "2"]
[White "Dancevski, Orce"]
[Black "Kamsky, Gata"]
[Result "0-1"]
[WhiteElo "2389"]
[BlackElo "2755"]
[PlyCount "102"]
[EventDate "2012.??.??"]
[WhiteTeam "Gambit Aseko-See"]
[BlackTeam "SOCAR Azerbaijan"]

1. c4 c5 2. Nf3 Nf6 3. Nc3 b6 4. d4 cxd4 5. Nxd4 Bb7 6. f3 Nc6 7. e4 e6 8. Be3
Bc5 9. Qd2 O-O 10. O-O-O Qe7 11. Be2 Rfd8 12. Rhe1 Nxd4 13. Bxd4 Rac8 14. Bf1
Ba6 15. e5 Ne8 16. Kb1 Bxd4 17. Qxd4 d6 18. b3 Bb7 19. exd6 Rxd6 20. Qf4 Bc6
21. Bd3 Rcd8 22. Be4 Rxd1+ 23. Rxd1 Rxd1+ 24. Nxd1 Bd7 25. g4 g5 26. Qb8 Qd6
27. Qxd6 Nxd6 28. Nc3 Kg7 29. Kc2 f5 30. gxf5 exf5 31. Ba8 Kf6 32. Kd3 Ke5 33.
b4 Bc8 34. a4 Ba6 35. Nb5 Bxb5 36. axb5 Ne8 37. Bc6 Nc7 38. Bd7 h5 39. Bc8 Ne8
40. Bd7 Nf6 41. Bc6 h4 42. c5 Nh5 43. Bd7 Nf4+ 44. Kc4 h3 45. Bc8 Nd5 46. Bd7
g4 47. fxg4 fxg4 48. c6 g3 49. hxg3 h2 50. c7 h1=Q 51. c8=Q Qc1+ 0-1

[Event "28th European Club Cup Eilat"]
[Site "?"]
[Date "2012.10.12"]
[Round "2"]
[White "Popilski, Gil"]
[Black "Ponomariov, Ruslan"]
[Result "0-1"]
[WhiteElo "2475"]
[BlackElo "2735"]
[PlyCount "64"]
[EventDate "2012.??.??"]
[WhiteTeam "Rishon Lezion"]
[BlackTeam "Tomsk-400"]

1. e4 c5 2. Nf3 d6 3. d4 cxd4 4. Nxd4 Nf6 5. Nc3 a6 6. f4 e5 7. Nf3 Nbd7 8. Qe2
b5 9. a4 b4 10. Nd5 Bb7 11. Bd2 Nc5 12. Bxb4 Ncxe4 13. Nxf6+ gxf6 14. g3 d5 15.
Bxf8 Kxf8 16. fxe5 fxe5 17. Nxe5 Qc7 18. Ng4 h5 19. Ne3 d4 20. O-O-O dxe3 21.
Qxe3 Re8 22. Qd4 Rh6 23. Bc4 Rd6 24. Qh8+ Ke7 25. Qe5+ Kd8 26. Qf4 Qxc4 27.
Rxd6+ Nxd6 28. Qxd6+ Kc8 29. b3 Qc3 30. Rd1 Qa1+ 31. Kd2 Qb2 32. Qc5+ Kb8 0-1

[Event "28th European Club Cup Eilat"]
[Site "?"]
[Date "2012.10.12"]
[Round "2"]
[White "Bologan, Viktor"]
[Black "Kosashvili, Yona"]
[Result "1-0"]
[WhiteElo "2695"]
[BlackElo "2529"]
[PlyCount "101"]
[EventDate "2012.??.??"]
[WhiteTeam "Tomsk-400"]
[BlackTeam "Rishon Lezion"]

1. e4 e5 2. Nf3 Nc6 3. Bb5 a6 4. Ba4 Nf6 5. O-O Be7 6. Re1 b5 7. Bb3 d6 8. c3
O-O 9. h3 Na5 10. Bc2 c5 11. d4 cxd4 12. cxd4 Bb7 13. d5 Nc4 14. a4 Nb6 15. Bd2
Nxa4 16. Bxa4 bxa4 17. Qxa4 Nd7 18. Nc3 f5 19. exf5 Rxf5 20. Be3 Rc8 21. Qb4
Qc7 22. Nd2 Rf7 23. Rec1 Qb8 24. Nc4 Nc5 25. Rd1 Bf8 26. Na5 Rcc7 27. Qa3 Ba8
28. Qa2 Qb4 29. Qb1 Rc8 30. Qc2 Rfc7 31. f3 g6 32. Qe2 Qb8 33. Ra3 Qb4 34. Rd2
e4 35. Nc6 exf3 36. Qxf3 Qh4 37. Rd4 Qe1+ 38. Kh2 Bg7 39. Rd1 Qh4 40. Bxc5 dxc5
41. Rxa6 Bxc6 42. Rxc6 Be5+ 43. Kh1 Rxc6 44. dxc6 Qf6 45. Qe4 Bxc3 46. bxc3
Rxc6 47. Qe8+ Kg7 48. Rd7+ Kh6 49. Rf7 Qe6 50. Qf8+ Kg5 51. Qd8+ 1-0

[Event "28th European Club Cup Eilat"]
[Site "Eilat"]
[Date "2012.10.13"]
[Round "3"]
[White "Karttunen, Mika"]
[Black "Svidler, Peter"]
[Result "1/2-1/2"]
[WhiteElo "2445"]
[BlackElo "2747"]
[PlyCount "124"]
[EventDate "2012.10.11"]
[EventRounds "7"]
[EventCountry "ISR"]

1. Nf3 g6 2. c4 Bg7 3. Nc3 c5 4. g3 Nc6 5. Bg2 d6 6. O-O Nh6 7. a3 O-O 8. Rb1
a5 9. d3 Nf5 10. Bd2 e6 11. Bg5 Nfe7 12. Nb5 e5 13. Ne1 f6 14. Bd2 Be6 15. b4
axb4 16. axb4 f5 17. bxc5 dxc5 18. Nc3 Rb8 19. Bg5 e4 20. Na4 b6 21. Nc2 h6 22.
Bf4 Ne5 23. dxe4 Bxc4 24. Nxb6 Qxd1 25. Rfxd1 Bxe2 26. Rd2 Ba6 27. Na3 Rbd8 28.
Nd5 Nxd5 29. exd5 g5 30. Be3 c4 31. Rb6 c3 32. Rc2 Bd3 33. Rc1 f4 34. Bc5 Rfe8
35. gxf4 gxf4 36. Bb4 Ng4 37. Re6 Bd4 38. Bxc3 Bxf2+ 39. Kh1 Be3 40. Rf1 Nf2+
41. Rxf2 Bxf2 42. Rxh6 Bd4 43. Bxd4 Re1+ 44. Bg1 Rc8 45. d6 Rcc1 46. h4 Rxg1+
47. Kh2 Rgd1 48. Rf6 Be2 49. Rxf4 Rxd6 50. Rf2 Bd3 51. Rd2 Rd4 52. Nb5 Rxh4+
53. Kg3 Rb4 54. Rxd3 Rxb5 55. Bd5+ Kg7 56. Kf4 Kf6 57. Bf3 Rf5+ 58. Ke3 Kg5 59.
Be4 Re1+ 60. Kd4 Rf4 61. Re3 Rxe3 62. Kxe3 Rxe4+ 1/2-1/2

[Event "28th European Club Cup Eilat"]
[Site "Eilat"]
[Date "2012.10.13"]
[Round "3"]
[White "Dominguez Perez, Leinier"]
[Black "Maki, Veijo"]
[Result "1-0"]
[WhiteElo "2734"]
[BlackElo "2383"]
[PlyCount "63"]
[EventDate "2012.10.11"]
[EventRounds "7"]
[EventCountry "ISR"]

1. e4 c5 2. Nf3 d6 3. d4 cxd4 4. Nxd4 Nf6 5. Nc3 Nc6 6. Bg5 g6 7. Bxf6 exf6 8.
Bb5 Bd7 9. Qd2 Bg7 10. O-O-O O-O 11. Bxc6 Bxc6 12. f4 Rc8 13. Rhe1 Re8 14. Kb1
Qb6 15. f5 Re5 16. g4 Rce8 17. Nf3 Rc5 18. a3 a5 19. h4 Rc8 20. h5 d5 21. exd5
Bd7 22. Qd4 Qd8 23. d6 Rc4 24. Qe3 Rxg4 25. Nd5 Kh8 26. h6 Bf8 27. Ne5 fxe5 28.
Qxe5+ f6 29. Nxf6 Rc5 30. Nd5+ Kg8 31. Ne7+ Bxe7 32. Qg7# 1-0

[Event "28th European Club Cup Eilat"]
[Site "Eilat"]
[Date "2012.10.13"]
[Round "3"]
[White "Ponomariov, Ruslan"]
[Black "Ivanchuk, Vassily"]
[Result "1-0"]
[WhiteElo "2735"]
[BlackElo "2771"]
[PlyCount "119"]
[EventDate "2012.10.11"]
[EventRounds "7"]
[EventCountry "ISR"]

1. e4 e5 2. Nf3 Nf6 3. d4 Nxe4 4. Bd3 d5 5. Nxe5 Nd7 6. Nxd7 Bxd7 7. Nc3 Nxc3
8. bxc3 Bd6 9. Qh5 Qe7+ 10. Be3 c6 11. O-O g6 12. Qh6 O-O-O 13. c4 dxc4 14.
Bxc4 f6 15. Bb3 Qf8 16. Qh4 g5 17. Qh5 Qe8 18. Qd1 h5 19. Qd3 h4 20. f4 g4 21.
Rae1 Kb8 22. f5 Qh5 23. Qe4 g3 24. Bf4 Bxf4 25. Qxf4+ Ka8 26. h3 Qh6 27. Be6
Bc8 28. c4 Qf8 29. Qe3 Qd6 30. d5 cxd5 31. cxd5 b6 32. Qd4 Ba6 33. Rf4 Qc5 34.
Qxc5 bxc5 35. Rc1 c4 36. Kf1 Kb7 37. Ke2 Kb6 38. Kd2 Kc5 39. Kc3 Rb8 40. Rg4
Rh7 41. d6 Kxd6 42. Rd4+ Kc7 43. Bxc4 Bxc4 44. Rxc4+ Kd8 45. Rd1+ Ke8 46. Rd6
Rb1 47. Rc8+ Ke7 48. Re6+ Kd7 49. Ra8 Rb7 50. Ra6 Rh5 51. Rxf6 Ke7 52. Rff8 Rh6
53. Rae8+ Kd7 54. Re2 Rc6+ 55. Kd3 Rd6+ 56. Ke4 Rb4+ 57. Ke5 Ke7 58. Rh8 Ra6
59. Rh7+ Kf8 60. Rc2 1-0

[Event "28th European Club Cup Eilat"]
[Site "Eilat"]
[Date "2012.10.13"]
[Round "3"]
[White "Bologan, Viktor"]
[Black "Eljanov, Pavel"]
[Result "0-1"]
[WhiteElo "2695"]
[BlackElo "2681"]
[PlyCount "80"]
[EventDate "2012.10.11"]
[EventRounds "7"]
[EventCountry "ISR"]

1. e4 c5 2. Nf3 Nc6 3. Bb5 e6 4. O-O Nge7 5. c3 a6 6. Ba4 b5 7. Bc2 Bb7 8. Qe2
d5 9. e5 d4 10. Be4 Nd5 11. cxd4 Nxd4 12. Nxd4 cxd4 13. a4 Qb6 14. d3 g6 15.
Bg5 Bg7 16. Nd2 O-O 17. Nf3 h6 18. a5 Qa7 19. Bh4 Nf4 20. Qe1 Rac8 21. Bg3 Nh5
22. Qe2 Nxg3 23. hxg3 Bxe4 24. Qxe4 Rc2 25. Nxd4 Rxb2 26. Nc6 Qd7 27. Rac1 Re8
28. f4 h5 29. d4 Bf8 30. Qf3 Ra2 31. g4 Ra3 32. Qe2 hxg4 33. Qxg4 b4 34. f5
exf5 35. Qe2 Bh6 36. Rc4 Be3+ 37. Kh2 Kg7 38. g3 Qd5 39. Rf3 Ra2 40. Qxa2 Qxf3
0-1